| 000 | 00622nam a22001577a 4500 | ||
|---|---|---|---|
| 003 | OSt | ||
| 005 | 20150919150346.0 | ||
| 008 | 150919b xxu||||| |||| 00| 0 eng d | ||
| 040 | _cRUA | ||
| 082 | _aAGR CHH 2008 B036 Or.1 | ||
| 100 |
_9876 _aCHHOUR, KIMHENG. |
||
| 245 | _aEffect of organic fertilizer on green mustard at mukkompoul district kandal province ឥទ្ធិពលជីធម្មជាតិលើដំណាំស្ពៃខៀវនៅស្រុកមុខកំពូល ខេត្តកណ្ដាល | ||
| 260 |
_aPhnom Penh _bRUA _c2008 |
||
| 300 |
_ax; 44p. _bill. _c29cm. |
||
| 942 |
_2ddc _cAGR |
||
| 999 |
_c844 _d844 |
||